000 01058nam a22002897a 4500
001 BR9402950
003 BR-BrBNA
005 20230928094036.0
007 ta
008 230509b bl.||||| |||| 00| 0 por d
040 _aBR-BrBNA
_bpor
_cBiblioteca Nacional de Agricultura
041 _a(Por)
072 _aL73
_b8830
_b4150
090 _ 8830 BR9402950
100 1 _aOliveira, P.R. de
110 1 _aUniversidade de Sao Paulo, SP (Brasil). Faculdade de Medicina Veterinaria e Zootecnia
_0Tese (Doutor em Epidemiologia Experimental)
_910560
245 1 _aCaracterizacao de amostras do virus da raiva isoladas a partir de material cerebral de animais domesticos procedentes de areas endemicas da doenca no Brasil, visando estabelecer sua identidade imunologica com a estirpe classica desse virus
260 3 _aSao Paulo, SP (Brasil):
_c1992.
300 _a68 p.
500 _aSummaries (Eng, Por); 42 ref.
650 _aRato
650 _aVirus
650 _aRaiva
650 _aImunidade
909 _a202309
_bLucia
_c55
_dLucia Elande
942 _cBK
999 _c48568
_d48568